00990nam a2200253 u 4500999001500000001001900015003000400034005001700038008004100055017004300096020001800139040002900157100003000186245005600216264004600272300002700318505015600345650003500501650003300536908000800569940000800577942001300585952013800598 c7946d7946991061179176606706OSt20241010180858.0241002s2024 spc r 000 0 spa d aDL B4371-2024bBiblioteca de Catalunya a9788418604416 aES-BaUABbcaterdacCDMR1 aGiner, Juan Antonio9174813aLa edad de oro del periodismo /cJuan Antonio Giner 1aBarcelona :bLibros de Vanguardia, c2024 a254 pàgines ;c23 cm aRecull d'articles publicats per l'autor al diari La Vanguardia entre desembre de 2020 i maig de 2024, més alguns articles publicats en altres mitjans 7aPeriodismexHistòria.2lemac 0aPeriodistes93074vBiografia aUAB aUAB 2udccMON 00104070aCDMRbCDMRd2024-10-10eDonacióg21.00l1m1oBk 111pCDMR24101258q2024-11-21r2024-10-10s2024-10-10w2024-10-10yMON